Spon's Mechanical and Electrical Services Price Book 2012 (Record no. 114687)
[ view plain ]
| 000 -LEADER | |
|---|---|
| fixed length control field | 01538cad a22001935a 4500 |
| 001 - CONTROL NUMBER | |
| control field | L157267 |
| 008 - FIXED-LENGTH DATA ELEMENTS--GENERAL INFORMATION | |
| fixed length control field | 100201s2012 xxk f 000 0 eng d |
| 020 ## - INTERNATIONAL STANDARD BOOK NUMBER | |
| International Standard Book Number | 9780203157077 |
| 035 ## - SYSTEM CONTROL NUMBER | |
| System control number | (Sirsi) u157267 |
| 041 0# - LANGUAGE CODE | |
| Language code of text/sound track or separate title | eng |
| 110 2# - MAIN ENTRY--CORPORATE NAME | |
| Corporate name or jurisdiction name as entry element | Davis Langdon |
| 9 (RLIN) | 4649 |
| 245 00 - TITLE STATEMENT | |
| Title | Spon's Mechanical and Electrical Services Price Book 2012 |
| Medium | [archived] |
| 250 ## - EDITION STATEMENT | |
| Edition statement | 43st Edition |
| 350 ## - PRICE (NR) (BK AM CF MU VM SE) [OBSOLETE] | |
| Price | 195.75 |
| 520 ## - SUMMARY, ETC. | |
| Summary, etc. | Ebook providing detailed pricing information across the full range of mechanical and electrical services, together with higher level costs for a diverse range of systems and different building applications. All the standard features you have come to expect from Spon's M & E are also included, considered essential for today's services cost professional: Detailed materials prices, labour constants, labour costs and measured work prices for mechanical and electrical works, from above ground drainage to automatic transfer switches, and circuit breakers to sprinkler systems. An extensive Approximate Estimating section for quick, rule-of-thumb pricing of mechanical or electrical installations, together with elemental services costs for different types and standard of buildings. Full details of wage rates, daywork and cost indices on a national and Central London basis. |
| 520 ## - SUMMARY, ETC. | |
| Summary, etc. | This item is archived on VLEBooks. Please contact [email protected] if you would like this title reactivated. Note we do not have more recent editions of this title available digitally. |
| 651 #4 - SUBJECT ADDED ENTRY--GEOGRAPHIC NAME | |
| Geographic name | ENGLAND AND WALES |
| 942 ## - ADDED ENTRY ELEMENTS (KOHA) | |
| Suppress in OPAC | 0 |
| Source of classification or shelving scheme | Dewey Decimal Classification |
| Withdrawn status | Lost status | Source of classification or shelving scheme | Damaged status | Not for loan | Home library | Current library | Shelving location | Date acquired | Total Checkouts | Full call number | Barcode | Date last seen | Copy number | Price effective from | Koha item type |
|---|---|---|---|---|---|---|---|---|---|---|---|---|---|---|---|
| Dewey Decimal Classification | Virtual | Virtual | Books | 08/10/2012 | Archived | 157267-2001 | 23/12/2024 | 1 | 06/08/2019 | Book |